000 00588nam a22002057a 4500
003 SISC
005 20170530161147.0
008 170530b xxu||||| |||| 00| 0 eng d
020 _a9780323374736
050 _aRT 42
_b.G453 2013
100 _aGiddens. Jean Foret.
245 _aConcepts for nursing practice /
_cJean Giddens.
260 _aUSA :
_bElsevier,
_c2013.
300 _axi, 559 pages :
_bcolor illustrations ;
_c25 cm.
500 _aIncludes bibliographical references.
650 _aNursing.
650 _aNursing Process.
650 _aNursing Care.
942 _2lcc
_cBK
999 _c335193
_d335193